Philatelic foreign language guide, The (Record no. 380)

000 -LEADER
fixed length control field 00634nam a22001937a 4500
003 - CONTROL NUMBER IDENTIFIER
control field OSt
008 - FIXED-LENGTH DATA ELEMENTS--GENERAL INFORMATION
fixed length control field 140307b xxu||||| |||| 00| 0 eng d
041 ## - LANGUAGE CODE
Language code of text/sound track or separate title eng
100 1# - MAIN ENTRY--PERSONAL NAME
Personal name Arnold, Abraham S.
245 10 - TITLE STATEMENT
Title Philatelic foreign language guide, The
246 10 - VARYING FORM OF TITLE
Title proper/short title Essential information for deciphering foreign numerals and characters on postage stamps
260 ## - PUBLICATION, DISTRIBUTION, ETC. (IMPRINT)
Place of publication, distribution, etc. Verona, N.J.
Name of publisher, distributor, etc. Society of Philatelic Americans
300 ## - PHYSICAL DESCRIPTION
Extent 40 pages
650 #0 - SUBJECT ADDED ENTRY--TOPICAL TERM
Topical term or geographic name as entry element Collecting
650 #0 - SUBJECT ADDED ENTRY--TOPICAL TERM
Topical term or geographic name as entry element Guides and Handbooks
650 #0 - SUBJECT ADDED ENTRY--TOPICAL TERM
Topical term or geographic name as entry element Designs -- Inscriptions and Lettering
650 #0 - SUBJECT ADDED ENTRY--TOPICAL TERM
Topical term or geographic name as entry element Dictionaries and Encyclopedias
650 #0 - SUBJECT ADDED ENTRY--TOPICAL TERM
Topical term or geographic name as entry element Translation Guides and Services
Holdings
Withdrawn status Lost status Source of classification or shelving scheme Materials specified (bound volume or other part) Damaged status Not for loan Collection code Permanent Location Current Location Date acquired Total Checkouts Full call number Barcode Date last seen Copy number Price effective from Koha item type
      Soft Cover     Richard Drews Northern Philatelic Library Northern Philatelic Library 03/07/2014   G3200 .A11 A752 1000522 04/15/2017 1 06/27/2015 Books

Powered by Koha